000 00705nam a2200253Ia 4500
003 OSt
005 20221005122224.0
006 a|||||r|||| 00| 0
007 ta
008 221004b |||||||| |||| 00| 0 urd d
024 _a12414
037 _cTextual
040 _aCRL
_cCRL
_burd
041 _2urd
_aurd
082 _aV5:2.M9, 168F9
100 _aSejock Henry Au.
_9631665
245 0 _aIrteqaye nazam-e-hukumat-e-Europe
260 _c1929
650 _a EUROPE - HISTORY
650 _aCONSTITUTIONS
_928454
700 _a Hussain Qazi Talmand Tr.
_9631666
942 _hV5:2.M9, 168F9
_cTEXL
_2cc
999 _c1043646
_d1043646